000 00942nam a2200181 a 4500
008 120830s2009 ||||||||||||||||| || u
050 _aRIHN(08)SERS/2009/10
100 _aMulenga, Chileshe L
245 1 0 _aResilience of rural households and communities to economic shocks, HIV/AIDS and recurrent droughts: The case of households and communities in the Mwami Area, Chipata, Zambia
_cBy Chileshe L. Mulenga
260 _aKyoto
_bResearch Institute for Humanity and Nature (RIHN)
_c2009
300 _a40p.
490 _aSocial-Ecological Resilience Working Papers
500 _aWorking paper on social-ecological resilience series No. 2009-010
650 _aRURAL POOR--CHINA
650 _aFOOD SECURITY--NORTH WESTERN PROVINCE--ZAMBIA
710 _aResearch Institute for Humanity and Nature (RIHN)
995 _FCBU-MAIN LIBRARY (Kitwe)
_M1
_UAVAILABLE
_WSep 5, 2012
_ZZambiana Collection
999 _c56352
_d56352